[Event "Rhein Main op-B 22nd"]
[Site "Bad Homburg"]
[Date "2019.06.22"]
[Round "5"]
[White "Feicht, Arno"]
[Black "Gerber, Ingo"]
[Result "1-0"]
[WhiteElo "1881"]
[BlackElo "1530"]
[PlyCount "73"]
[EventDate "2019.06.19"]
[EventType "swiss"]
[EventRounds "7"]
[EventCountry "GER"]
[SourceTitle "EXT 2020"]
[Source "ChessBase"]
[SourceDate "2019.10.17"]
[SourceVersion "1"]
[SourceVersionDate "2019.10.17"]
[SourceQuality "1"]

1. e4 e5 2. f4 exf4 3. Nf3 g5 4. h4 g4 5. Ne5 d6 6. Nxg4 Qe7 7. Nc3 Nh6 8. Nxh6 Bxh6 9. Qh5 Bg7 10. d3 Bxc3+ 11. bxc3 Qe5 12. Qxe5+ dxe5 13. Be2 Rg8 14. Bf3 Bg4 15. Kf2 Nc6 16. a4 0-0-0 17. a5 a6 18. d4 Bxf3 19. gxf3 exd4 20. Bxf4 dxc3 21. Ra3 Rd7 22. Rha1 Nd4 23. Rxc3 Ne6 24. Be3 Rgd8 25. Raa3 Nd4 26. Bxd4 Rxd4 27. Ke3 Rd1 28. Rc5 R8d6 29. Rac3 c6 30. Rd3 R1xd3+ 31. cxd3 Rh6 32. h5 Kc7 33. Rf5 f6 34. Kd4 Kd6 35. Kc4 Kc7 36. Kc5 Kc8 37. Kb6 1-0

[Event "Hessen-chB"]
[Site "Frankfurt"]
[Date "2019.06.01"]
[Round "5"]
[White "Feicht, Arno"]
[Black "Karl, Florian"]
[Result "0-1"]
[WhiteElo "1881"]
[BlackElo "1608"]
[PlyCount "110"]
[EventDate "2019.05.30"]
[EventType "swiss"]
[EventRounds "7"]
[EventCountry "GER"]
[SourceTitle "EXT 2020"]
[Source "ChessBase"]
[SourceDate "2019.10.17"]
[SourceVersion "1"]
[SourceVersionDate "2019.10.17"]
[SourceQuality "1"]

1. e4 c5 2. a3 Nc6 3. b4 cxb4 4. axb4 Nxb4 5. d4 d5 6. c3 Nc6 7. exd5 Qxd5 8. Na3 e6 9. Nb5 Bd6 10. Bc4 Qe4+ 11. Ne2 Bb8 12. 0-0 Nge7 13. f4 Nf5 14. Bd3 Qd5 15. c4 Qd8 16. Bxf5 exf5 17. d5 Ne7 18. Qd4 0-0 19. Bb2 f6 20. Nxa7 Bxa7 21. Rxa7 Rxa7 22. Qxa7 b5 23. cxb5 Qxd5 24. Nc3 Qd2 25. Ba1 Ng6 26. Qc7 Re8 27. Qc4+ Be6 28. Qc6 Bd7 29. Qf3 Qd4+ 30. Kh1 Qc4 31. Qd5+ Qxd5 32. Nxd5 Bxb5 33. Nc7 Bxf1 34. Nxe8 Nxf4 35. g3 Nd5 36. Kg1 Bd3 37. Kf2 Kf7 38. Nd6+ Ke6 39. Nb7 Be4 40. h3 g5 41. Nc5+ Kf7 42. Bb2 h5 43. Ba1 Kg6 44. Bb2 Bc2 45. Ba1 f4 46. Kf3 fxg3 47. Kxg3 h4+ 48. Kh2 Bf5 49. Nb3 Nf4 50. Nd4 Bxh3 51. Nf3 Bc8 52. Bc3 Bb7 53. Ne1 g4 54. Bd2 g3+ 55. Kg1 h3 0-1

[Event "Hessen-chB"]
[Site "Frankfurt"]
[Date "2019.06.01"]
[Round "6"]
[White "Robinson, Jack"]
[Black "Feicht, Arno"]
[Result "0-1"]
[WhiteElo "1749"]
[BlackElo "1881"]
[PlyCount "64"]
[EventDate "2019.05.30"]
[EventType "swiss"]
[EventRounds "7"]
[EventCountry "GER"]
[SourceTitle "EXT 2020"]
[Source "ChessBase"]
[SourceDate "2019.10.17"]
[SourceVersion "1"]
[SourceVersionDate "2019.10.17"]
[SourceQuality "1"]

1. d4 f5 2. Bg5 g6 3. Nc3 Bg7 4. e4 fxe4 5. Nxe4 d5 6. Ng3 Nh6 7. h4 Nf7 8. Be3 Nc6 9. Qd2 e5 10. c3 exd4 11. cxd4 Qe7 12. Bb5 Bd7 13. Bxc6 Bxc6 14. h5 0-0-0 15. 0-0-0 Bd7 16. N1e2 Nd6 17. hxg6 hxg6 18. Rxh8 Bxh8 19. Nf4 Nc4 20. Nxd5 Qd6 21. Bf4 Qxd5 22. Qc2 Bc6 23. Qxg6 Bxd4 24. Kb1 Qb5 25. Qf5+ Qxf5+ 26. Nxf5 Bf6 27. Rxd8+ Kxd8 28. f3 Nxb2 29. Kc2 Kd7 30. Ne3 Ba4+ 31. Kd2 Bb5 32. Ke1 Nd3+ 0-1

[Event "Heusenstamm Sparkassen op-A 4th"]
[Site "Heusenstamm"]
[Date "2017.11.24"]
[Round "3"]
[White "Feicht, Arno"]
[Black "Browning, Rebecca"]
[Result "0-1"]
[WhiteElo "1988"]
[BlackElo "1830"]
[PlyCount "120"]
[EventDate "2017.11.23"]
[EventType "swiss"]
[EventRounds "7"]
[EventCountry "GER"]
[SourceTitle "EXT 2019"]
[Source "ChessBase"]
[SourceDate "2018.10.10"]
[SourceVersion "1"]
[SourceVersionDate "2018.10.10"]
[SourceQuality "1"]

1. e4 e6 2. d4 d5 3. Nc3 Nf6 4. Bg5 dxe4 5. Nxe4 Be7 6. Bxf6 Bxf6 7. Nf3 0-0 8. Nxf6+ Qxf6 9. Bd3 b6 10. Be4 c6 11. h4 Qh6 12. Ne5 f5 13. Bf3 Bb7 14. g3 Qf6 15. Qd2 a5 16. 0-0-0 Ra7 17. Rhe1 c5 18. Bxb7 Rxb7 19. dxc5 bxc5 20. c3 a4 21. a3 c4 22. Qd6 f4 23. g4 f3 24. g5 Qf4+ 25. Kb1 Qf5+ 26. Ka2 Qc2 27. Rb1 Qb3+ 28. Ka1 Rb6 29. Qd1 Qb5 30. Re4 Na6 31. Qd7 Nc5 32. Qxb5 Rxb5 33. Re3 Rfb8 34. Nxc4 Nb3+ 35. Ka2 Rc5 36. Ne5 Rd5 37. Nd3 e5 38. c4 Rd4 39. Nxe5 Rd2 40. Nd3 Rd8 41. Nb4 Rxf2 42. Rd3 Rc8 43. Rc3 Rh2 44. Nd5 Rf8 45. Rxb3 axb3+ 46. Kxb3 f2 47. Rf1 Rg2 48. Ka4 Rg1 49. Rxf2 Rxf2 50. b4 Rg4 51. Kb5 Rxh4 52. a4 Rc2 53. c5 Rd4 54. Kc6 Rg2 55. a5 Rxg5 56. Nc7 Rxb4 57. a6 Ra4 58. Kb6 h5 59. a7 Rxa7 60. Kxa7 Rxc5 0-1

[Event "Rhein Main op-A 20th"]
[Site "Bad Homburg"]
[Date "2017.06.18"]
[Round "7"]
[White "Muehlpfordt, Thomas"]
[Black "Feicht, Arno"]
[Result "1-0"]
[WhiteElo "1813"]
[BlackElo "2036"]
[PlyCount "89"]
[EventDate "2017.06.14"]
[EventType "swiss"]
[EventRounds "7"]
[EventCountry "GER"]
[SourceTitle "EXT 2018"]
[Source "ChessBase"]
[SourceDate "2017.10.13"]
[SourceVersion "1"]
[SourceVersionDate "2017.10.13"]
[SourceQuality "1"]

1. e4 c5 2. Nf3 Nc6 3. Nc3 e5 4. Bc4 Be7 5. d3 Nf6 6. Nd2 d6 7. Nf1 0-0 8. Ne3 a6 9. a4 Rb8 10. 0-0 Nd4 11. a5 Nc6 12. Ncd5 Be6 13. Bd2 Nd7 14. f4 exf4 15. Nxf4 Bxc4 16. Nxc4 Nde5 17. Nb6 Bg5 18. Nfd5 Bxd2 19. Qxd2 Ne7 20. Rf2 Nxd5 21. Nxd5 Qh4 22. Raf1 Rbe8 23. Rf4 Qd8 24. Nb6 Re6 25. h3 Qg5 26. Qe2 Rg6 27. Kh1 Qg3 28. Qf2 Qg5 29. Rf5 Qd8 30. Qd2 Qe8 31. Nd5 Rh6 32. Qxh6 gxh6 33. Nf6+ Kg7 34. Nxe8+ Rxe8 35. Rf6 Rd8 36. g4 Rd7 37. R6f2 Nc6 38. Ra1 Kg6 39. Kg2 h5 40. gxh5+ Kxh5 41. Kh2 Kh6 42. Rg1 Nxa5 43. Rf6+ Kh5 44. h4 Nc6 45. Kh3 1-0

[Event "Rhein Main op-A 20th"]
[Site "Bad Homburg"]
[Date "2017.06.15"]
[Round "2"]
[White "Engel, Berthold"]
[Black "Feicht, Arno"]
[Result "1-0"]
[WhiteElo "2182"]
[BlackElo "2036"]
[PlyCount "89"]
[EventDate "2017.06.14"]
[EventType "swiss"]
[EventRounds "7"]
[EventCountry "GER"]
[SourceTitle "EXT 2018"]
[Source "ChessBase"]
[SourceDate "2017.10.13"]
[SourceVersion "1"]
[SourceVersionDate "2017.10.13"]
[SourceQuality "1"]

1. Nf3 f5 2. d4 Nf6 3. Bg5 e6 4. g3 Be7 5. Bg2 0-0 6. 0-0 d6 7. c3 a5 8. Nbd2 d5 9. Ne5 Nbd7 10. Ndf3 Qe8 11. Qb3 a4 12. Qc2 h6 13. Bf4 Nxe5 14. Nxe5 g5 15. Bd2 Bd6 16. f4 g4 17. c4 c6 18. b3 Bd7 19. Nd3 b5 20. Bb4 Bxb4 21. Nxb4 Kg7 22. Nd3 Qe7 23. Nc5 Rfc8 24. cxb5 cxb5 25. b4 Ne8 26. Kf2 Nd6 27. Rh1 Rh8 28. h3 h5 29. Qd3 Bc6 30. Rh2 Ne4+ 31. Bxe4 dxe4 32. Qc3 Bd5 33. a3 Kf7 34. Qe3 Qf6 35. Nd7 Qg7 36. Ne5+ Ke7 37. Rc1 Rac8 38. Rc5 Rxc5 39. dxc5 h4 40. hxg4 fxg4 41. gxh4 Rg8 42. Kg3 Qh7 43. h5 Qf5 44. c6 Rd8 45. h6 1-0

[Event "Hessen-chA"]
[Site "Marburg"]
[Date "2017.??.??"]
[Round "2"]
[White "Maar, Samuel"]
[Black "Feicht, Arno"]
[Result "0-1"]
[WhiteElo "1947"]
[BlackElo "2038"]
[PlyCount "116"]
[EventDate "2017.05.24"]
[EventType "swiss"]
[EventRounds "7"]
[EventCountry "GER"]
[SourceTitle "EXT 2018"]
[Source "ChessBase"]
[SourceDate "2017.10.13"]
[SourceVersion "1"]
[SourceVersionDate "2017.10.13"]
[SourceQuality "1"]

1. e4 c5 2. Nc3 Nc6 3. f4 e6 4. Nf3 d5 5. exd5 exd5 6. d4 Nf6 7. Bb5 Bg4 8. 0-0 Be7 9. Be3 Qb6 10. Qe1 0-0 11. Rd1 Bxf3 12. gxf3 cxd4 13. Bf2 Bc5 14. Bxc6 dxc3 15. Bxd5 Rad8 16. Bc4 Rxd1 17. Qxd1 Rd8 18. Bd3 Bxf2+ 19. Rxf2 cxb2 20. Qb1 Nd5 21. c4 Nxf4 22. Bxh7+ Kh8 23. Bf5 Rd1+ 24. Qxd1 Nh3+ 25. Kg2 Nxf2 26. Qd7 g6 27. Bb1 Qe3 28. Qd5 Kg7 29. Bc2 Ng4 30. fxg4 Qe2+ 31. Kg3 Qxc2 32. Qe5+ Kh7 33. Qf6 Qd3+ 34. Kg2 Qxc4 35. Qxb2 Qxg4+ 36. Kf2 Qf4+ 37. Kg2 b6 38. Qa3 Qe4+ 39. Kg3 a5 40. Qb3 Qe6 41. Qa4 Qe3+ 42. Kg2 Qd2+ 43. Kg3 Qb4 44. Qc2 b5 45. Qf2 Qc4 46. h4 b4 47. h5 a4 48. hxg6+ Kxg6 49. Qb6+ f6 50. Qd8 b3 51. Qe8+ Kg7 52. Qd7+ Qf7 53. Qb5 bxa2 54. Qxa4 Qd5 55. Kf2 Qd2+ 56. Kf3 Qc3+ 57. Kg4 a1Q 58. Qd7+ Kh6 0-1

[Event "Heusenstamm Sparkassen op-A 3rd"]
[Site "Heusenstamm"]
[Date "2016.11.27"]
[Round "4"]
[White "Feicht, Arno"]
[Black "Karimi, Farhad"]
[Result "1-0"]
[WhiteElo "1957"]
[BlackElo "2096"]
[PlyCount "71"]
[EventDate "2016.11.24"]
[EventType "swiss"]
[EventRounds "7"]
[EventCountry "GER"]
[SourceTitle "EXT 2018"]
[Source "ChessBase"]
[SourceDate "2017.10.13"]
[SourceVersion "1"]
[SourceVersionDate "2017.10.13"]
[SourceQuality "1"]

1. e4 c5 2. a3 Nc6 3. b4 cxb4 4. axb4 Nxb4 5. d4 d5 6. c3 Nc6 7. exd5 Qxd5 8. Na3 Bf5 9. Nb5 Kd8 10. c4 Qe4+ 11. Be3 Nb4 12. Be2 Nc2+ 13. Kf1 Qxe3 14. Qxc2 Bxc2 15. fxe3 a6 16. Nf3 f6 17. d5 e5 18. dxe6 Bc5 19. Nbd4 Bg6 20. Kf2 Ne7 21. Nh4 Kc7 22. Bf3 Rad8 23. Rhd1 Bd6 24. h3 Be5 25. Nxg6 hxg6 26. Rab1 Nc6 27. Bxc6 Bxd4 28. Bd5 Bb6 29. c5 Bxc5 30. Rxb7+ Kd6 31. e7 Rc8 32. Bf7+ Kc6 33. Rdd7 Bb6 34. Bxg6 Bc7 35. Rbxc7+ Rxc7 36. Rxc7+ 1-0

[Event "Heusenstamm Sparkassen op-A 3rd"]
[Site "Heusenstamm"]
[Date "2016.11.27"]
[Round "7"]
[White "Henrich, Thomas"]
[Black "Feicht, Arno"]
[Result "0-1"]
[WhiteElo "2221"]
[BlackElo "1957"]
[PlyCount "146"]
[EventDate "2016.11.24"]
[EventType "swiss"]
[EventRounds "7"]
[EventCountry "GER"]
[SourceTitle "EXT 2018"]
[Source "ChessBase"]
[SourceDate "2017.10.13"]
[SourceVersion "1"]
[SourceVersionDate "2017.10.13"]
[SourceQuality "1"]

1. e4 c5 2. Nf3 Nc6 3. Bb5 Nf6 4. e5 Nd5 5. Nc3 Nc7 6. Bxc6 dxc6 7. h3 g6 8. 0-0 Bg7 9. Ne4 Ne6 10. Re1 0-0 11. d3 b6 12. a3 Nd4 13. Bf4 Ne6 14. Bg3 h6 15. Qd2 Kh7 16. Qc3 Bb7 17. b4 Nd4 18. bxc5 Nxf3+ 19. gxf3 Qd7 20. Kg2 Bc8 21. Rh1 f5 22. exf6 exf6 23. Nd6 bxc5 24. Nxc8 Raxc8 25. Qxc5 f5 26. Be5 Bxe5 27. Qxe5 Rce8 28. Qc5 f4 29. Rae1 Rf5 30. Qc4 Rg5+ 31. Kf1 Rg1+ 32. Kxg1 Rxe1+ 33. Kg2 Rxh1 34. Kxh1 Qxh3+ 35. Kg1 Qxf3 36. Qf7+ Kh8 37. Qxg6 h5 38. Qe8+ Kg7 39. Qe5+ Kf7 40. Qf5+ Kg7 41. Qd7+ Kf6 42. Qd4+ Kf5 43. Kh2 a6 44. a4 Qd5 45. Qg7 Qf3 46. Qg2 Qe2 47. f3 Qd1 48. Qf2 Ke6 49. Kg2 a5 50. Kh2 Kd5 51. c4+ Ke6 52. d4 Qxa4 53. Qe2+ Kd7 54. Qd3 Qb4 55. Qf5+ Kc7 56. Qe5+ Kb7 57. c5 Qd2+ 58. Kh3 Qe3 59. Qxh5 Qxd4 60. Qf7+ Ka6 61. Qf8 Kb5 62. Qb8+ Kxc5 63. Qa7+ Kc4 64. Qxa5 c5 65. Kg4 Kb3 66. Qb5+ Kc3 67. Qb1 Qe3 68. Qa1+ Kb4 69. Qb2+ Qb3 70. Qd2+ Qc3 71. Qxf4+ Qc4 72. Qe4 Kb3 73. Kg5 Qxe4 0-1

[Event "Goch op 27th"]
[Site "Goch"]
[Date "2016.09.03"]
[Round "4"]
[White "Feicht, Arno"]
[Black "Vasiljev, Jurij"]
[Result "0-1"]
[WhiteElo "1967"]
[BlackElo "2076"]
[PlyCount "142"]
[EventDate "2016.09.01"]
[EventType "swiss"]
[EventRounds "7"]
[EventCountry "GER"]
[SourceTitle "EXT 2018"]
[Source "ChessBase"]
[SourceDate "2017.10.13"]
[SourceVersion "1"]
[SourceVersionDate "2017.10.13"]
[SourceQuality "1"]

1. e4 c5 2. Nf3 e6 3. Nc3 Nc6 4. g3 g6 5. Bg2 Bg7 6. 0-0 Nge7 7. Re1 d6 8. d3 0-0 9. Be3 Nd4 10. Qd2 Nec6 11. Bh6 Nxf3+ 12. Bxf3 Nd4 13. Bd1 b5 14. Bxg7 Kxg7 15. a4 b4 16. Nb1 Rb8 17. c3 Nc6 18. d4 cxd4 19. cxd4 Qf6 20. d5 Nd4 21. Qf4 Qxf4 22. gxf4 exd5 23. exd5 Bb7 24. Re4 Nf5 25. Bb3 a5 26. Nd2 Rbc8 27. Rc4 Ba6 28. Rc6 Rxc6 29. dxc6 Rc8 30. Bd5 Ne7 31. Bc4 Rxc6 32. Bb5 Bxb5 33. axb5 Rc5 34. Rxa5 Nc6 35. Ra6 Nd4 36. b6 Ne2+ 37. Kg2 Nxf4+ 38. Kf3 Ne6 39. Ne4 Rf5+ 40. Kg3 Nc5 41. Nxc5 Rxc5 42. b7 Rb5 43. Rxd6 Rxb7 44. Kf3 g5 45. Ke4 h5 46. Kd3 Rb5 47. Kc4 Rf5 48. Rd2 Rf4+ 49. Kd5 g4 50. Ke5 Rf3 51. Ke4 Kg6 52. h4 Rh3 53. Kf4 Rxh4 54. f3 gxf3+ 55. Kxf3 Kg5 56. Kg3 Rc4 57. Kh3 f5 58. Rd3 Re4 59. Rd8 Re3+ 60. Kg2 Rb3 61. Rg8+ Kf4 62. Rh8 Rxb2+ 63. Kh3 Rb1 64. Kg2 Rb2+ 65. Kh3 b3 66. Rxh5 Rc2 67. Rh4+ Ke3 68. Rb4 b2 69. Rb3+ Kd2 70. Kh4 Kc1 71. Kg5 b1Q 0-1

[Event "Rhein Main op-A 19th"]
[Site "Bad Homburg"]
[Date "2016.05.27"]
[Round "4"]
[White "Feicht, Arno"]
[Black "Heiler, Karl"]
[Result "1-0"]
[WhiteElo "2043"]
[BlackElo "1836"]
[PlyCount "47"]
[EventDate "2016.05.25"]
[EventType "swiss"]
[EventRounds "7"]
[EventCountry "GER"]
[SourceTitle "EXT 2017"]
[Source "ChessBase"]
[SourceDate "2016.10.25"]
[SourceVersion "1"]
[SourceVersionDate "2016.10.25"]
[SourceQuality "1"]

1. e4 d5 2. exd5 Nf6 3. Nf3 Bg4 4. Bb5+ Nbd7 5. h3 Bh5 6. g4 Bg6 7. Nc3 a6 8. Ba4 b5 9. Bb3 Nb6 10. Ne5 Nbxd5 11. Qf3 e6 12. g5 Nd7 13. Nxd7 Qxd7 14. Nxd5 exd5 15. Bxd5 0-0-0 16. Bb7+ Kb8 17. d3 Bb4+ 18. Kf1 Qe6 19. Be3 Rhf8 20. c3 Bxd3+ 21. Kg2 Be7 22. Rhe1 Qc4 23. Bd4 Bxg5 24. b3 1-0